000 01168nam0a2200349 4500
001 RU\NLR\bibl\1003690
005 20250614225403.0
010 _a5-9533-1532-5
_bВ пер.
021 _aRU
_b2006-59333
_92945
035 _a(nilc)RSL-KNO-002952482
035 _a(NLR Aleph) 000991379
090 _a521057
_c521057
100 _a20061006d2006 |||y0rusy50 ca
101 0 _arus
102 _aRU
105 _ay |||||||||
106 _ar
200 1 _aСын Гетмана
_e[роман]
_fОльга Рогова
210 _aМосква
_cВече
_d2006
_eТула
_gТульская типография
215 _a541, [1] с.
_d22
225 1 _aКазачий роман
600 1 _aХмельницкий
_bБ.М.
_fок. 1595 - 1657
_gБогдан Михайлович
_xв художественной литературе
_92422176
_3RU\NLR\AUTH\661442384
686 1 _aШ6(2=Р)52-4
700 1 _aРогова
_bО.
_gОльга
_4070
801 0 _aRU
_bРКП
_c20061006
_grcr
801 1 _aRU
_bРГБ
_c20061006
801 2 _aRU
_bNLR
_c20061103
_grcr
942 _cBOOK
980 _aNB